000 00780nab a2200241 u 4500
001 17441
003 HDC
007 cr bn ---aaaaa
008 210224c |r|noo 0 a d
040 _aHDC
245 0 _aUse confiscated goods for charity: PehinDatoGoh
260 _aBrunei :
_bBrunei Times PLC,
_c2010
336 _atext
_2rdacontent
337 _acomputer
_2rdamedia
338 _aonline resource
_2rdacarrier
650 _aAlcoholic beverage
_916836
650 _aNon-halal produce
_916835
710 _aThe Brunei Times
856 _zRequest full-text at [email protected]
942 _2lcc
942 _cNEWS
942 _kNWSO 009386
999 _c14757
_d14757